Govt. of
Madhya Pradesh

SANSKRIT:An Introductory Analysis (Record no. 68119)

MARC details
000 -LEADER
fixed length control field 00278nam a22001097a 4500
082 ## - DEWEY DECIMAL CLASSIFICATION NUMBER
Classification number 491.2/SWA
100 ## - MAIN ENTRY--AUTHOR NAME
Personal name Swain, Prof.Brajakishore
245 ## - TITLE STATEMENT
Title SANSKRIT:An Introductory Analysis
260 ## - PUBLICATION, DISTRIBUTION, ETC. (IMPRINT)
Place of publication New Delhi
Name of publisher Akshaya Peakashan
Year of publication 2021
650 ## - SUBJECT ADDED ENTRY--TOPICAL TERM
Topical Term Lang
942 ## - ADDED ENTRY ELEMENTS (KOHA)
Koha item type Books
Holdings
Withdrawn status Lost status Damaged status Not for loan Home library Current library Date acquired Cost, normal purchase price Full call number Accession Number Price effective from Koha item type
        MACL MACL 14/09/2025 795.00 491.2/SWA CRE040296 14/09/2025 Books